Modeli planirovanija i upravlenija proizvodstvom

Na minha lista:
Detalhes bibliográficos
Autor principal: Mjasnikov, Vladimir Aleksandrovič
Outros Autores: Ignat'jev, Michail Borisovič
Formato: Livro
Idioma:russo
Publicado em: Moskva Ekonomika 1982
Tags: Adicionar Tag
Sem tags, seja o primeiro a adicionar uma tag!

MARC

LEADER 00000nam a2200000 4500
001 c128898
005 20041019155244.8
041 0 |a rus 
044 |a RU 
245 1 0 |a Modeli planirovanija i upravlenija proizvodstvom  |c Vladimir Aleksandrovič Mjasnikov, Michail Borisovič Ignat'jev 
264 1 |a Moskva  |b Ekonomika  |c 1982 
300 |a 230 s. 
100 1 |a Mjasnikov, Vladimir Aleksandrovič 
700 1 |a Ignat'jev, Michail Borisovič